An Introduction to drawing and painting with pastels

Bibliographic Details
Main Author: Constance, Diana
Format: Book
Published: London : The Apple Press , 1990
Subjects:

MARC

LEADER 00000cam a2200000 7i4500
001 0000009967
002 000010857
005 20000330.0
020 |a 1850762007 
090 0 0 |a 741.235   |b CON 
100 1 |a Constance, Diana 
245 1 3 |a An Introduction to drawing and painting with pastels   |c Diana Constance 
260 |a London :   |b The Apple Press ,   |c 1990 
300 |a 127p. :   |b ill. ;   |c 28cm. 
650 0 0 |a Drawing   |x Technique 
650 0 0 |a Painting 
999 |a 022665   |b BUKU   |c PINJAMAN   |e PERPUSTAKAAN KOMUNITI PETALING JAYA